000
00292nam a22001337a 4500
999
_c
162603
_d
162603
020
_a
082
_a
_b
100
_a
Ramakutty P V
245
_a
Curse as motif in the mahabharata/
_c
by Ramakutty P V.
260
_a
Delhi:
_b
Nag,
_c
1999.
300
_a
205p.
650
_a
942
_c
BK